<?xml version="1.0" encoding="UTF-8"?>
<record
    xmlns:xsi="http://www.w3.org/2001/XMLSchema-instance"
    xsi:schemaLocation="http://www.loc.gov/MARC21/slim http://www.loc.gov/standards/marcxml/schema/MARC21slim.xsd"
    xmlns="http://www.loc.gov/MARC21/slim">

  <leader>02227nam a22002417a 4500</leader>
  <controlfield tag="008">251013b        |||||||| |||| 00| 0 eng d</controlfield>
  <datafield tag="020" ind1=" " ind2=" ">
    <subfield code="a">9788408283362</subfield>
  </datafield>
  <datafield tag="040" ind1=" " ind2=" ">
    <subfield code="c">TBS</subfield>
  </datafield>
  <datafield tag="041" ind1=" " ind2=" ">
    <subfield code="a">spa</subfield>
  </datafield>
  <datafield tag="100" ind1=" " ind2=" ">
    <subfield code="a">Longarela, Andrea</subfield>
    <subfield code="9">26121</subfield>
    <subfield code="e">author</subfield>
  </datafield>
  <datafield tag="245" ind1=" " ind2=" ">
    <subfield code="a">Juliette y las canciones perdidas</subfield>
    <subfield code="c">/ Andrea Longarela.</subfield>
  </datafield>
  <datafield tag="260" ind1=" " ind2=" ">
    <subfield code="a">Barcelona :</subfield>
    <subfield code="b">Planeta Publishing,</subfield>
    <subfield code="c">2024</subfield>
  </datafield>
  <datafield tag="300" ind1=" " ind2=" ">
    <subfield code="a">447 pages ;</subfield>
    <subfield code="c">23 cm.</subfield>
  </datafield>
  <datafield tag="520" ind1=" " ind2=" ">
    <subfield code="a">Juliette vive en un agujero. Se sienta en &#xE9;l y ve la vida pasar. No le gusta su trabajo. No tiene inquietudes. No recuerda lo que significa so&#xF1;ar. Y hace tiempo que renunci&#xF3; al amor.

Pero, entonces, un hombre muere.

Y todo cambia.

De repente, se encuentra en un peque&#xF1;o pueblo de casas de colores y su camino se cruza con el de otras personas que acabar&#xE1;n siendo imprescindibles para ella. Una anciana a la que le atormenta la tristeza de las flores, un ni&#xF1;o sin voz que las roba, un hombre que ama los libros y las cosas brillantes con la misma intensidad, un pintor incapaz de acabar un cuadro&#x2026;

Todos ellos, junto a un pu&#xF1;ado de cartas olvidadas, ayudar&#xE1;n a Juliette a entender que el amor existe y que es maravilloso en todas sus versiones.</subfield>
  </datafield>
  <datafield tag="520" ind1=" " ind2=" ">
    <subfield code="a">Juliette lives in a hole. She sits there and watches life go by. She doesn&#x2019;t like her job. She has no ambitions. She can&#x2019;t remember what it means to dream. And she gave up on love a long time ago.

But then, a man dies.

And everything changes.

Suddenly, she finds herself in a small, colorful village, where her path crosses with others who will become essential to her. An old woman tormented by the sadness of flowers, a voiceless boy who steals them, a man who loves books and shiny things with the same passion, a painter unable to finish a single painting&#x2026;

All of them, together with a handful of forgotten letters, will help Juliette realize that love exists&#x2014;and that it is wonderful in all its forms.</subfield>
  </datafield>
  <datafield tag="650" ind1=" " ind2="0">
    <subfield code="a">Letters</subfield>
    <subfield code="v">Fiction</subfield>
    <subfield code="9">26122</subfield>
  </datafield>
  <datafield tag="650" ind1=" " ind2="0">
    <subfield code="a">Life change events</subfield>
    <subfield code="v">Fiction</subfield>
    <subfield code="9">24020</subfield>
  </datafield>
  <datafield tag="650" ind1=" " ind2="0">
    <subfield code="a">Man-woman relationships </subfield>
    <subfield code="v">Fiction</subfield>
    <subfield code="9">11134</subfield>
  </datafield>
  <datafield tag="650" ind1=" " ind2="0">
    <subfield code="a">Spanish fiction</subfield>
    <subfield code="y">21st century</subfield>
    <subfield code="9">26123</subfield>
  </datafield>
  <datafield tag="650" ind1=" " ind2="0">
    <subfield code="a">Women</subfield>
    <subfield code="x">Conduct of life</subfield>
    <subfield code="v">Fiction</subfield>
    <subfield code="9">26124</subfield>
  </datafield>
  <datafield tag="655" ind1=" " ind2="0">
    <subfield code="a">Romance fiction</subfield>
    <subfield code="9">22778</subfield>
  </datafield>
  <datafield tag="942" ind1=" " ind2=" ">
    <subfield code="2">lcc</subfield>
  </datafield>
  <datafield tag="952" ind1=" " ind2=" ">
    <subfield code="0">0</subfield>
    <subfield code="1">0</subfield>
    <subfield code="2">lcc</subfield>
    <subfield code="4">0</subfield>
    <subfield code="7">0</subfield>
    <subfield code="a">TBS</subfield>
    <subfield code="b">TBS</subfield>
    <subfield code="d">2025-10-13</subfield>
    <subfield code="l">0</subfield>
    <subfield code="o">P-SP LON</subfield>
    <subfield code="p">B07677</subfield>
    <subfield code="r">2025-10-13</subfield>
    <subfield code="t">1</subfield>
    <subfield code="w">2025-10-13</subfield>
    <subfield code="y">1</subfield>
  </datafield>
  <datafield tag="999" ind1=" " ind2=" ">
    <subfield code="c">5035</subfield>
    <subfield code="d">5035</subfield>
  </datafield>
</record>
